Лексико-стилістичний аналіз роману Кена Кізі "Політ над зозулиним гніздом" (Запис № 285373)

МАРК-запис
000 -LEADER
fixed length control field 01536nam a22001577a 4500
041 ## - LANGUAGE CODE
Language code of text/sound track or separate title ukr
080 ## - UNIVERSAL DECIMAL CLASSIFICATION NUMBER
Universal Decimal Classification number 09
090 ## - LOCALLY ASSIGNED LC-TYPE CALL NUMBER (OCLC); LOCAL CALL NUMBER (OCLC)
Local cutter number (OCLC) ; Book number/undivided call number, CALL (RLIN) ВОЙ
100 ## - MAIN ENTRY--PERSONAL NAME
Personal name Войтко, Д. І.
245 ## - TITLE STATEMENT
Title Лексико-стилістичний аналіз роману Кена Кізі "Політ над зозулиним гніздом"
260 ## - PUBLICATION, DISTRIBUTION, ETC. (IMPRINT)
Place of publication, distribution, etc Острог
Name of publisher, distributor, etc КАФ
Date of publication, distribution, etc 2014
300 ## - PHYSICAL DESCRIPTION
Extent 78
520 ## - SUMMARY, ETC.
Summary, etc Вступ.<br/>Розділ І. Лексико-стилістичні характеристики художнього стилю.<br/>1.1. Лексичні особливості<br/>1.2. Стильові особливості<br/>1.3. Лексико-стилістичні особливості американської літературної традиції доби бітників<br/>Розділ ІІ. Лексико-стилістичні аналіз твору Кена Кізі "Політ над зозулиним гніздом".<br/>2.1. Функціональні особливості тексту<br/>2.2. лексичні засоби виразності<br/>2.3. Лексико-семантичний аспект функціонування мовних одиниць<br/>2.4. Характеристика стилістичних засобів у романі<br/>2.5. Синтаксичний аспект фукціонування мовних одиниць<br/>Висновки.<br/>Список використаної літератури.<br/>Додатки.
-- художній стиль, К. Кізі
650 ## - SUBJECT ADDED ENTRY--TOPICAL TERM
Topical term or geographic name as entry element Research Papers
942 ## - ADDED ENTRY ELEMENTS (KOHA)
Koha item type Книги
Фонди
Withdrawn status Lost status Source of classification or shelving scheme Damaged status Not for loan Home library Current library Date acquired Source of acquisition Cost, normal purchase price Total Checkouts Full call number Barcode Date last seen Price effective from Koha item type
    Universal Decimal Classification     ВІЛ - Відділ іноземн. літератури НБ ВІЛ - Відділ іноземн. літератури НБ 17/06/2014 Акт №8 1.00   09 215629 09/11/2021 17/06/2014 Книги